000 00732cam a22002411 4500
001 sa 68016855
003 DLC
005 20260227112658.0
008 870331s1968 ii ab 000 0 hinr
010 _asa 68016855
035 _a(OCoLC)15468677
040 _aDLC
_cNRU
_dNRU
_dDLC
042 _apremarc
050 0 0 _aDS414
_b.T58
100 1 _aTivārī, Viśvanātha,
_d1914-
245 1 0 _aBhārata kā bhaugolika svarūpa.
_bGeography of India.
_cLekhaka Viśvanātha Tivārī.
260 _aĀgrā,
_bRāmaprasāda
_c[1968]
300 _a8, 1011 p.
_billus., maps.
_c23 cm.
500 _aIn Hindi.
651 0 _aIndia
_xDescription and travel.
651 0 _aIndia
_xEconomic conditions
_y1947-
740 0 _aGeography of India.
999 _c87351
_d87351